000 00677nam a22001937a 4500
005 20170808112833.0
010 _aENG-119533
020 _a9789386720009
_c1495.00
035 _aEN-103065
037 _bDBAD/PUB
082 _a303.625
245 _aThe face of terror :
_cedited by Rajat Sood
_bLashker-e-Taiba, Jaish-e-Mohammed and Al- Qaeda Nexus/
260 _aGhaziabad
_bRathore Publishers and Distributors
_c2018
270 _aBasement-260,Shaktikhand -III,Indirapuram
_bGhaziabad
_e201010
300 _aviii,284p.
_c22cm(Hb)
500 _aIncludes bibliographical references and index
700 _aSood, Rajat
942 _2ddc
_cEN
_h303.625
_mTHE
999 _c143140
_d143140